| 000 | 00421nam a2200145Ia 4500 | ||
|---|---|---|---|
| 008 | 210210b2000 xxu||||| |||| 00| 0 eng d | ||
| 082 | _a032.02 ASHA | ||
| 100 | _aASHA (A J). | ||
| 245 | _aAmazing questions, incredible answers! | ||
| 260 |
_aDelhi _bM B D Publishers Distributors _c2000 |
||
| 300 | _a- | ||
| 650 | _aQuestions Answers Amazing General Knowledge Quizy | ||
| 690 | _aGeneral Knowledge | ||
| 906 | _aSG03642 | ||
| 999 |
_c114710 _d114710 |
||